000 00586nam a2200205Ia 4500
008 131103s9999 xx 000 0 und d
040 _aLoreto College
041 _aEnglish
082 _a822.33(ID)/ANT/RID/822.33/S1/SHA
_b#NAME?
245 _aAntony and Cleopatra
_cedited by M.R.Ridley
260 _aLondon
_bMethum
_c1956
300 _alvi,285 p.
_c 22 cm.
440 _aThe Arden Shakespeare
504 _aIncludes appendix
650 _aEnglish Drama
651 _aShakespeare,William - Antony and Cleopatra
700 _aRidley,M.R.,ed.
850 _aLCLIB
942 _cBK
999 _c4519
_d54998